000 00564nam a22001932 4500
001 0000000181
005 20151021151039.0
008 070116s xx 000 0 eng d
020 _a0916035824 :
_cDonation
040 _aKABU
_cKABU
100 1 _aKinlaw, Dennis F.
_@0000148271
245 1 0 _aPreaching in the Spirit /
_cDennis F. Kinlaw.
260 _aNappanee, Indiana :
_bF. Asbury Press,
_c1985.
300 _a128 p.
650 0 _aPreaching.
_@0000148272
908 _a070116
950 _@1
999 _c51
_d51